[Event "Elit(Team Viking-Rockaden,Umea)"]
[Site "?"]
[Date "2017.03.03"]
[Round "4"]
[White "Malmstig, Erik"]
[Black "Agrest, Evgenij"]
[Result "0-1"]
[WhiteElo "2310"]
[BlackElo "2593"]
[PlyCount "136"]

1. d4 d5 2. Nf3 Nf6 3. g3 c6 4. Bg2 Bg4 5. Ne5 Bh5 6. O-O e6 7. b3 Nbd7 8. Nd3
Bd6 9. c4 O-O 10. a4 e5 11. cxd5 Nxd5 12. Bxd5 cxd5 13. Nc3 exd4 14. Nb5 Bb8
15. Nxd4 Nf6 16. Nf4 Bg4 17. Qd3 Re8 18. f3 Bd7 19. Ng2 a6 20. Be3 Be5 21. Rac1
Rc8 22. Rxc8 Bxc8 23. Rc1 Qe7 24. Bf2 h6 25. Ne3 Qa3 26. Rb1 Be6 27. Nec2 Qe7
28. b4 Rc8 29. b5 a5 30. Be1 Rc4 31. Bxa5 Bxd4+ 32. Nxd4 Qc5 33. e3 Rxa4 34.
Qd2 Rc4 35. Bb4 Qc7 36. Ba3 Nd7 37. Nxe6 fxe6 38. Rc1 Ne5 39. Kg2 Rxc1 40. Bxc1
Qc5 41. b6 Qxb6 42. Qc3 Nc4 43. e4 Qd6 44. exd5 Qxd5 45. g4 b5 46. h4 Qd7 47.
Kf2 e5 48. h5 Kf7 49. g5 hxg5 50. Bxg5 Ke6 51. h6 gxh6 52. Bxh6 Qd4+ 53. Qxd4
exd4 54. Ke2 Kd5 55. Bf8 Ne5 56. Bg7 Ng6 57. Kd3 Nf4+ 58. Kd2 Kc4 59. Bh6 Nd5
60. f4 Ne3 61. Bf8 b4 62. Be7 Nf1+ 63. Ke2 Ng3+ 64. Kd1 Kc3 65. Bf6 b3 66. Be5
Nf5 67. Kc1 Ne3 68. Kb1 Nc4 0-1

[Event "Elit(Team Viking-Rockaden,Umea)"]
[Site "?"]
[Date "2017.03.03"]
[Round "4"]
[White "Sagit, Rauan"]
[Black "Lindgren, Fredrik"]
[Result "1-0"]
[WhiteElo "2417"]
[BlackElo "2232"]
[PlyCount "69"]

1. Nf3 Nf6 2. g3 g6 3. b3 Bg7 4. Bb2 O-O 5. Bg2 d6 6. d4 Nfd7 7. O-O Nc6 8. Qc1
e5 9. dxe5 Ndxe5 10. Nxe5 Nxe5 11. c4 Rb8 12. Nc3 a6 13. Rd1 b6 14. Qc2 Kh8 15.
Rac1 Bf5 16. Qd2 Bc8 17. Nd5 Bb7 18. Bc3 a5 19. Qb2 f6 20. c5 Bxd5 21. Rxd5
bxc5 22. Bxa5 Qe7 23. Rdd1 f5 24. Qd2 f4 25. gxf4 Qh4 26. e3 g5 27. fxe5 Bxe5
28. h3 Rf6 29. Rc4 Qh5 30. Rg4 Rg8 31. Bc3 Qe8 32. Rxg5 h6 33. Rxe5 dxe5 34. f4
Rfg6 35. Bxe5+ 1-0

[Event "Elit(Team Viking-Rockaden,Umea)"]
[Site "?"]
[Date "2017.03.03"]
[Round "4"]
[White "Eriksson, Jorgen"]
[Black "Nithander, Victor"]
[Result "0-1"]
[WhiteElo "2220"]
[BlackElo "2423"]
[PlyCount "94"]

1. d4 Nf6 2. Bg5 e6 3. Nd2 h6 4. Bh4 c5 5. e3 b6 6. Ngf3 Bb7 7. Be2 Be7 8. c3
O-O 9. O-O d6 10. a4 a6 11. Nc4 Bd5 12. Nfd2 Nbd7 13. Bf3 Rc8 14. Bxd5 Nxd5 15.
Bg3 cxd4 16. exd4 N7f6 17. Qe2 b5 18. axb5 axb5 19. Ne3 Qb6 20. h3 Rfe8 21.
Rfd1 Bf8 22. Qf3 Nxe3 23. fxe3 d5 24. Rdc1 Nd7 25. Kh1 f5 26. b3 Ra8 27. Qf1
Rxa1 28. Rxa1 Rc8 29. Qd3 Qc6 30. Ra7 Nf6 31. Nb1 Ne4 32. Be1 b4 33. Ra6 Qb7
34. Rxe6 bxc3 35. Qc2 Bb4 36. Re5 Qf7 37. Nd2 Bd6 38. Nf3 Bxe5 39. Nxe5 Qa7 40.
Nd3 Qa1 41. Kh2 Ra8 42. b4 Qa2 43. Qd1 c2 44. Qh5 Rf8 45. Qe2 Qc4 46. Bd2 Nxd2
47. Qxd2 Qxd3 0-1

[Event "Elit(Team Viking-Rockaden,Umea)"]
[Site "?"]
[Date "2017.03.03"]
[Round "4"]
[White "Cramling, Dan"]
[Black "Mardell, Jimmy"]
[Result "1-0"]
[WhiteElo "2364"]
[BlackElo "2147"]
[PlyCount "59"]

1. d4 Nf6 2. c4 c5 3. d5 b5 4. cxb5 a6 5. bxa6 g6 6. Nc3 Bg7 7. e4 O-O 8. Nf3
Nxa6 9. Bc4 d6 10. O-O Bg4 11. h3 Bxf3 12. Qxf3 Nd7 13. Qe2 Qc8 14. Bg5 f6 15.
Bd2 Ne5 16. Bb5 c4 17. f4 Nd3 18. b3 f5 19. exf5 Qxf5 20. Bxc4 Nac5 21. Rab1
Nb4 22. a4 Nc2 23. Nb5 Nd4 24. Nxd4 Bxd4+ 25. Kh2 Qf6 26. a5 Bc3 27. Bxc3 Qxc3
28. b4 Nd7 29. Qe6+ Kh8 30. Rfc1 1-0

[Event "Elit(Team Viking-Rockaden,Umea)"]
[Site "?"]
[Date "2017.03.03"]
[Round "4"]
[White "Johansson, David"]
[Black "Lindberg, Bo"]
[Result "0-1"]
[WhiteElo "2099"]
[BlackElo "2398"]
[PlyCount "58"]

1. e4 c5 2. c3 d6 3. d4 Nf6 4. Bd3 Nc6 5. Nf3 Bg4 6. Be3 cxd4 7. cxd4 d5 8. e5
Ne4 9. O-O e6 10. Qb3 a6 11. Ne1 Na5 12. Qa4+ b5 13. Bxb5+ axb5 14. Qxb5+ Qd7
15. Qxd7+ Kxd7 16. f3 Nb3 17. axb3 Rxa1 18. Nc2 Ra2 19. Bc1 Be7 20. fxe4 Rc8
21. Nca3 Be2 22. Re1 dxe4 23. Rxe2 Rxc1+ 24. Kf2 Bg5 25. g3 Ra1 26. Re1 Rxe1
27. Kxe1 Bc1 28. Kd1 Bxb2 29. Nc4 Bxd4 0-1

[Event "Elit(Team Viking-Rockaden,Umea)"]
[Site "?"]
[Date "2017.03.03"]
[Round "4"]
[White "Grandell, Anders"]
[Black "Mardell, Jonas"]
[Result "1-0"]
[WhiteElo "2258"]
[BlackElo "2050"]
[PlyCount "65"]
[EventDate "2017.??.??"]

1. d4 d5 2. c4 e6 3. Nc3 Nf6 4. Nf3 Be7 5. e3 O-O 6. Bd3 c5 7. O-O Nc6 8. h3 a6
9. cxd5 exd5 10. dxc5 Bxc5 11. a3 Qd6 12. b4 Ba7 13. Bb2 Bd7 14. Ne2 Rfe8 15.
Qd2 Rad8 16. Rfe1 Bc8 17. Rad1 h6 18. Ng3 b5 19. Bb1 d4 20. exd4 Rxe1+ 21. Qxe1
Re8 22. Qd2 Nd5 23. Re1 Rxe1+ 24. Qxe1 Be6 25. Ne4 Qe7 26. Nc5 Bc8 27. Qd2 Qf6
28. Ba2 Nf4 29. d5 Nxh3+ 30. Kf1 Qg6 31. dxc6 Qxc6 32. Qd8+ Kh7 33. Bxf7 1-0

[Event "Elit(LASK-Manhem)"]
[Site "?"]
[Date "2017.02.04"]
[Round "5"]
[White "Tikkanen, Hans"]
[Black "Al Hadarani, Hatim"]
[Result "1-0"]
[WhiteElo "2518"]
[BlackElo "2293"]
[PlyCount "101"]

1. e4 c6 2. d4 d5 3. exd5 cxd5 4. Bd3 Nc6 5. c3 Nf6 6. Ne2 e5 7. dxe5 Nxe5 8.
O-O Bd6 9. Na3 a6 10. Nc2 Qc7 11. h3 Bd7 12. Ncd4 Nxd3 13. Qxd3 O-O 14. Qf3
Rfe8 15. Bf4 Re4 16. Bg5 Be5 17. Ng3 Bxd4 18. cxd4 Re6 19. Bxf6 Rxf6 20. Qxd5
Rd8 21. Qe5 Qb6 22. Nh5 Rg6 23. Nf4 Rh6 24. Rfe1 Qd6 25. Rac1 Rf6 26. g3 h6 27.
h4 Bg4 28. d5 Qb4 29. h5 Rf5 30. Qe7 Qxe7 31. Rxe7 Bf3 32. Rc3 Bxh5 33. Rxb7
Bd1 34. Rd3 Bc2 35. Rd2 Be4 36. Rb4 Bb1 37. Ra4 g5 38. Nh5 Re5 39. Rxa6 Re1+
40. Kg2 Bg6 41. g4 Bxh5 42. gxh5 Kg7 43. a4 Re4 44. a5 Rg4+ 45. Kf1 Ra4 46. b3
Rh4 47. d6 Rd7 48. Rb6 Kf6 49. a6 Ke6 50. Ra2 Ra7 51. b4 1-0

[Event "Elit(LASK-Manhem)"]
[Site "?"]
[Date "2017.02.04"]
[Round "5"]
[White "Welin, Mats"]
[Black "Semcesen, Daniel"]
[Result "1/2-1/2"]
[WhiteElo "2356"]
[BlackElo "2470"]
[PlyCount "68"]

1. e4 e5 2. Nf3 Nc6 3. Bb5 a6 4. Ba4 Nf6 5. O-O Be7 6. Re1 b5 7. Bb3 d6 8. c3
O-O 9. h3 Re8 10. d4 h6 11. Nbd2 Bf8 12. Bc2 Bd7 13. Nf1 Na5 14. b3 c5 15. d5
Be7 16. Ng3 Nh7 17. Nf5 Nb7 18. Be3 Bf6 19. Nd2 Bxf5 20. exf5 e4 21. Nxe4 Rxe4
22. Bxe4 Bxc3 23. Bd2 Bxa1 24. Qxa1 Nf6 25. Bc2 Rc8 26. a4 b4 27. Bd3 Na5 28.
Qb1 Qb6 29. Re3 Re8 30. Rg3 Nh5 31. Rg4 Nf6 32. Rg3 Nh5 33. Rg4 Nf6 34. Rg3 Nh5
1/2-1/2

[Event "Elit(LASK-Manhem)"]
[Site "?"]
[Date "2017.02.04"]
[Round "5"]
[White "Ahlander, Bjorn"]
[Black "Akesson, Joel"]
[Result "1/2-1/2"]
[WhiteElo "2418"]
[BlackElo "2312"]
[PlyCount "165"]
[EventDate "2017.??.??"]

1. d4 Nf6 2. c4 e6 3. Nf3 Bb4+ 4. Nbd2 b6 5. g3 Bb7 6. Bg2 O-O 7. O-O Re8 8.
Qc2 Bxd2 9. Bxd2 Be4 10. Qb3 d6 11. Rad1 Nbd7 12. Rfe1 Qe7 13. Qe3 a5 14. Bc1
a4 15. Bd2 d5 16. Rc1 c5 17. cxd5 Bxd5 18. dxc5 bxc5 19. Qa3 Ne4 20. Be3 Qf6
21. Nd2 Nxd2 22. Bxd2 Bxg2 23. Kxg2 Qe5 24. e4 Qc7 25. Qe3 Qb7 26. Bc3 e5 27.
a3 Rac8 28. Rcd1 Nf6 29. f3 h6 30. Rd6 Rc6 31. Red1 Rxd6 32. Rxd6 Qc8 33. Qd2
Kh7 34. Qc2 Qa8 35. Qd3 Qb8 36. Qa6 Qb3 37. g4 Qc2+ 38. Rd2 Qb3 39. Qd6 Qc4 40.
Qd3 Qb3 41. Qa6 Re6 42. Qa7 Rc6 43. Qe7 Qe6 44. Qxe6 Rxe6 45. Rd8 Re7 46. Ra8
Rb7 47. Rxa4 Nd7 48. Ra8 f6 49. Rc8 Nb6 50. Rxc5 Na4 51. Rc4 Nxc3 52. bxc3 Rb2+
53. Kg3 g5 54. h4 gxh4+ 55. Kxh4 Kg6 56. a4 Ra2 57. Kg3 Ra3 58. Kf2 h5 59.
gxh5+ Kxh5 60. Ke3 Kg5 61. Kd3 Ra2 62. Rb4 Rf2 63. Ke3 Rc2 64. Rb3 Ra2 65. c4
Rxa4 66. Rc3 Ra6 67. c5 Rc6 68. Kd3 f5 69. exf5 Kxf5 70. Ke3 Ke6 71. Ke4 Rc7
72. c6 Kd6 73. Rc1 Rc8 74. c7 Ke6 75. Rc6+ Kd7 76. Kd5 Rf8 77. c8=Q+ Rxc8 78.
Rxc8 Kxc8 79. Kxe5 Kd7 80. Kf6 Ke8 81. f4 Kf8 82. f5 Kg8 83. Ke7 1/2-1/2

[Event "Elit(LASK-Manhem)"]
[Site "?"]
[Date "2017.02.04"]
[Round "5"]
[White "Moberg, Karl Johan"]
[Black "Dragicevic, Drazen"]
[Result "0-1"]
[WhiteElo "2280"]
[BlackElo "2297"]
[PlyCount "104"]

1. d4 Nf6 2. c4 e6 3. Nc3 Bb4 4. e3 O-O 5. Nge2 Re8 6. a3 Bf8 7. d5 exd5 8.
cxd5 c5 9. Ng3 a6 10. a4 d6 11. Be2 Nbd7 12. O-O Rb8 13. e4 Qc7 14. f3 b6 15.
Nf5 Ne5 16. g4 Bxf5 17. exf5 c4 18. g5 Nfd7 19. f4 Nd3 20. Bxd3 cxd3 21. Qxd3
Nc5 22. Qc2 b5 23. axb5 axb5 24. Nd1 b4 25. Ne3 Re4 26. Bd2 Rbe8 27. Rae1 b3
28. Qc3 Qb7 29. f6 Na4 30. Qc1 Qa7 31. Kh1 Qd4 32. Ng2 Qxd5 33. Rxe4 Rxe4 34.
fxg7 Kxg7 35. Bc3+ Nxc3 36. Qxc3+ Kg8 37. f5 Rg4 38. Qf3 Qxf3 39. Rxf3 Rxg5 40.
Ne3 Bg7 41. f6 Bh8 42. Nf5 Bxf6 43. Nxd6 Bd4 44. h4 Rg1+ 45. Kh2 Rb1 46. Nc4
Bxb2 47. Kh3 Bd4 48. Na3 Rh1+ 49. Kg3 Rg1+ 50. Kh2 b2 51. Rd3 Bc5 52. Rb3 Ra1
0-1

[Event "Elit(LASK-Manhem)"]
[Site "?"]
[Date "2017.02.04"]
[Round "5"]
[White "Kucuksari, Kaan"]
[Black "Fendrich, David"]
[Result "1-0"]
[WhiteElo "2321"]
[BlackElo "2256"]
[PlyCount "117"]

1. d4 d6 2. Nf3 g6 3. c4 Bg7 4. e4 e5 5. dxe5 dxe5 6. Qxd8+ Kxd8 7. Nc3 f6 8.
Be3 c6 9. O-O-O+ Kc7 10. Bc5 b6 11. Bd6+ Kb7 12. Be2 Nh6 13. Kc2 Nf7 14. Ba3
Bf8 15. Bxf8 Rxf8 16. b4 Be6 17. Nd2 Nd7 18. Nb3 f5 19. exf5 gxf5 20. f4 Nf6
21. Rhe1 Rae8 22. fxe5 Nxe5 23. Nd4 Bd7 24. h3 Kc7 25. Rf1 Ne4 26. Bh5 Nxc4 27.
Bxe8 Ne3+ 28. Kd3 Rxe8 29. Nxe4 Nxf1 30. Nf6 Re3+ 31. Kc2 c5 32. bxc5 bxc5 33.
Rxf1 cxd4 34. Nd5+ Kd6 35. Nxe3 dxe3 36. Rf3 Bc6 37. Rxe3 Bxg2 38. Rg3 Be4+ 39.
Kd2 Ke5 40. Ra3 Kf4 41. Rxa7 h5 42. Rh7 Bf3 43. Rg7 Bc6 44. Ke2 Ba4 45. Kf2 Bc6
46. Rc7 Bd5 47. a4 Kg5 48. a5 Kh4 49. a6 Kxh3 50. a7 h4 51. Rc5 Bb7 52. Rb5 Bc6
53. Rb4 Bd5 54. Rb8 Kh2 55. a8=Q Bxa8 56. Rxa8 h3 57. Rh8 f4 58. Rh4 f3 59. Rh8
1-0

[Event "Elit(LASK-Manhem)"]
[Site "?"]
[Date "2017.02.04"]
[Round "5"]
[White "Olsson, Linus"]
[Black "Storme, Isak"]
[Result "1-0"]
[WhiteElo "2250"]
[BlackElo "2165"]
[PlyCount "115"]

1. d4 Nf6 2. f4 d5 3. Nf3 c5 4. e3 Nc6 5. c3 Bf5 6. dxc5 e6 7. b4 Be7 8. Bb5
O-O 9. O-O Ne4 10. Bxc6 bxc6 11. Nd4 Qc7 12. g4 Bg6 13. f5 exf5 14. gxf5 Ng3
15. Rf3 Nxf5 16. Nxf5 Bh5 17. Qf1 Bxf3 18. Nxe7+ Qxe7 19. Qxf3 Rfe8 20. Na3
Qg5+ 21. Kh1 Re6 22. Bd2 Rf6 23. Qg2 Qf5 24. e4 dxe4 25. Nc2 Rg6 26. Qf1 Qh5
27. Be3 Rd8 28. Nd4 h6 29. a4 Rd5 30. Ra2 Rg3 31. Re2 Kh8 32. Re1 Rg6 33. Qe2
Qh3 34. Rg1 Rf6 35. Qg2 Qxg2+ 36. Kxg2 g5 37. c4 Rd7 38. b5 cxb5 39. c6 Rxc6
40. Nxc6 bxc4 41. Rc1 f5 42. Rxc4 Rd3 43. Bxa7 e3 44. a5 f4 45. a6 Rd2+ 46. Kf3
Rf2+ 47. Kg4 Ra2 48. Bd4+ Kh7 49. a7 Kg8 50. Ne7+ Kf7 51. Nd5 e2 52. Rc1 Kg6
53. Kf3 Kf5 54. Kf2 g4 55. Nc7 g3+ 56. hxg3 fxg3+ 57. Kxg3 Rc2 58. a8=Q 1-0

[Event "Elit(Kungstornet-Farsta)"]
[Site "?"]
[Date "2017.02.04"]
[Round "5"]
[White "Urkedal, Frode"]
[Black "Lyrberg, Patrik"]
[Result "1-0"]
[WhiteElo "2557"]
[BlackElo "2459"]
[PlyCount "84"]
[SourceDate "2017.02.09"]

1. d4 e6 2. Nf3 c5 3. c4 cxd4 4. Nxd4 Nc6 5. Nc3 Nf6 6. g3 d6 7. Bg2 Ne5 8. O-O
a6 9. f4 Ned7 10. e4 Qc7 11. Qc2 e5 12. Nf5 g6 13. Ne3 exf4 14. gxf4 Bg7 15.
Ned5 Qd8 16. f5 Nxd5 17. Nxd5 Be5 18. Qf2 g5 19. Be3 b5 20. cxb5 axb5 21. Rac1
Kf8 22. Rc7 h6 23. Rfc1 Kg7 24. Bd4 Re8 25. Bxe5+ Rxe5 26. Qd4 Ra4 27. Rxc8
Rxd4 28. Rxd8 Nc5 29. Rxd6 Nxe4 30. Bxe4 Rdxe4 31. Nf6 Re2 32. Nh5+ Kh7 33. Rd7
Re7 34. Rxe7 Rxe7 35. Rc5 Rb7 36. a3 b4 37. a4 b3 38. Rb5 Ra7 39. a5 Ra6 40.
Kf2 Kg8 41. Ke3 Kf8 42. f6 Kg8 1-0

[Event "Elit(Kungstornet-Farsta)"]
[Site "?"]
[Date "2017.02.04"]
[Round "5"]
[White "von Bahr, Oskar"]
[Black "Sammalvuo, Tapani"]
[Result "1-0"]
[WhiteElo "2360"]
[BlackElo "2437"]
[PlyCount "111"]

1. e4 e5 2. Nf3 Nc6 3. Bc4 Bc5 4. c3 Nf6 5. d3 d6 6. Bb3 a6 7. O-O O-O 8. h3 h6
9. Re1 Re8 10. Nbd2 Be6 11. Nc4 Qd7 12. a4 b5 13. Ne3 Bxb3 14. Qxb3 Na5 15. Qc2
Bxe3 16. Bxe3 c5 17. b4 cxb4 18. cxb4 Nc6 19. Qb3 Reb8 20. Bd2 Qb7 21. Rec1 a5
22. bxa5 b4 23. Rab1 Rxa5 24. Nh4 Qd7 25. Nf5 Rc5 26. Rxc5 dxc5 27. Qc4 Rc8 28.
Rc1 Na7 29. Be3 g6 30. Nxh6+ Kg7 31. Rf1 Nc6 32. f4 Nh5 33. f5 Nf4 34. Bxf4
exf4 35. Ng4 gxf5 36. exf5 Qd4+ 37. Nf2 Qxc4 38. dxc4 Na5 39. Nd3 b3 40. Rxf4
Rd8 41. Nb2 Rd2 42. Rf2 Rd4 43. Rf3 Rd2 44. Rf2 Rc2 45. Rxc2 bxc2 46. Nd3 Nxc4
47. Nc1 Kf6 48. g4 Kg5 49. Kf2 Kf4 50. Ke2 f6 51. Kd3 Nb2+ 52. Kxc2 Nxa4 53.
Nd3+ Kg3 54. g5 fxg5 55. f6 Nb6 56. Nxc5 1-0

[Event "Elit(Kungstornet-Farsta)"]
[Site "?"]
[Date "2017.02.04"]
[Round "5"]
[White "Degerman, Lars"]
[Black "Aronsson, Marten"]
[Result "0-1"]
[WhiteElo "2457"]
[BlackElo "2356"]
[PlyCount "152"]

1. c4 c5 2. Nc3 Nc6 3. g3 g6 4. Bg2 Bg7 5. Nf3 e5 6. a3 Nge7 7. O-O O-O 8. Ne1
a6 9. b4 cxb4 10. axb4 Nxb4 11. Ba3 Nbc6 12. Qa4 d6 13. Ne4 Nf5 14. Nc2 Bd7 15.
Qb3 Ncd4 16. Nxd4 Nxd4 17. Qd3 f5 18. Nxd6 e4 19. Nxe4 fxe4 20. Bxe4 Re8 21.
Bd5+ Kh8 22. Bc5 Ne6 23. Be3 Bxa1 24. Rxa1 Bc6 25. Bd4+ Kg8 26. Bc3 Qd7 27. Qd4
Kf8 28. Qh8+ Ke7 29. Qf6+ Kd6 30. Qe5+ Ke7 31. Qf6+ Kd6 32. Be5+ Kc5 33. Rb1
Bxd5 34. Bd4+ Kc6 35. Qe5 b5 36. cxd5+ Kb7 37. dxe6 Qxe6 38. Qc5 Qc6 39. Qb4
Rac8 40. Be3 Qe4 41. Qb3 Rc6 42. d3 Qe6 43. Qb4 Qd6 44. Qa5 Qd5 45. Qa3 Rec8
46. Ra1 Re6 47. Qb4 Rec6 48. Qf4 Rc2 49. Qf6 R8c6 50. Qe7+ Rc7 51. Qf6 R2c6 52.
Qh8 Qh5 53. Bf4 Qxe2 54. Bxc7 Rxc7 55. Qd4 Qe6 56. h4 Rd7 57. Qh8 Rc7 58. Qd4
Rd7 59. Qh8 h5 60. Qc3 Qd6 61. Qa5 Rf7 62. d4 Qf6 63. Qd2 Rd7 64. Rd1 Rd5 65.
Qc3 Qd6 66. Rd3 b4 67. Qc4 Kb6 68. Kh2 a5 69. Re3 Rxd4 70. Qc8 Rxh4+ 71. Kg2
Qd5+ 72. Rf3 Rc4 73. Qb8+ Ka6 74. Qe8 Rc3 75. Qxg6+ Kb5 76. Qe8+ Kc4 0-1

[Event "Elit(Kungstornet-Farsta)"]
[Site "?"]
[Date "2017.02.04"]
[Round "5"]
[White "Backlund, Anders"]
[Black "Ernst, Thomas"]
[Result "1/2-1/2"]
[WhiteElo "2315"]
[BlackElo "2369"]
[PlyCount "51"]

1. c4 g6 2. g3 Bg7 3. Bg2 c5 4. Nc3 Nc6 5. d3 Nf6 6. e4 d6 7. Nge2 e5 8. O-O
O-O 9. h3 Ne8 10. Be3 Nc7 11. f4 Nd4 12. Qd2 Rb8 13. Rae1 a6 14. g4 exf4 15.
Nxf4 Be6 16. Ncd5 b5 17. Nxe6 Ndxe6 18. b3 bxc4 19. dxc4 Nxd5 20. exd5 Nd4 21.
Bg5 f6 22. Bf4 f5 23. Bg5 Bf6 24. Bh6 Bg7 25. Bg5 Bf6 26. Bh6 1/2-1/2

[Event "Elit(Kungstornet-Farsta)"]
[Site "?"]
[Date "2017.02.04"]
[Round "5"]
[White "Hjelm, Niclas"]
[Black "Larsson, Anders"]
[Result "1-0"]
[WhiteElo "2356"]
[BlackElo "2287"]
[PlyCount "102"]

1. d4 e6 2. c4 Bb4+ 3. Bd2 Bxd2+ 4. Qxd2 Nf6 5. Nc3 d5 6. Nf3 O-O 7. e3 Nbd7 8.
Rc1 c6 9. Bd3 Qe7 10. O-O e5 11. dxe5 Nxe5 12. Nxe5 Qxe5 13. cxd5 Nxd5 14. Nxd5
Qxd5 15. Qc2 h6 16. Bc4 Qe5 17. Rfd1 Be6 18. Qb3 Rad8 19. Bxe6 fxe6 20. Qxb7
Rb8 21. Qxc6 Rxb2 22. Rc2 Rfb8 23. Rxb2 Rxb2 24. Qa8+ Kh7 25. Qxa7 Qd5 26. Ra1
Qd2 27. e4 Qe2 28. Qe3 Rxa2 29. Qxe2 Rxe2 30. f3 Kg6 31. h4 Kf6 32. Kh2 Rb2 33.
Ra6 h5 34. Ra5 g6 35. Kg3 Rc2 36. Ra1 Rb2 37. Rf1 Ra2 38. Rf2 Ra5 39. Rb2 Ra3
40. Rc2 Rb3 41. Ra2 Rc3 42. Kf4 Rc4 43. Ra6 Rb4 44. g4 hxg4 45. fxg4 Rb7 46.
e5+ Kf7 47. Kg5 Rc7 48. Kh6 Rb7 49. Ra4 Rb5 50. Ra7+ Ke8 51. Kxg6 Rxe5 1-0

[Event "Elit(Kungstornet-Farsta)"]
[Site "?"]
[Date "2017.02.04"]
[Round "5"]
[White "Andersson, Fredrik"]
[Black "Ong, Kezli"]
[Result "1-0"]
[WhiteElo "2259"]
[BlackElo "2298"]
[PlyCount "71"]

1. d4 Nf6 2. c4 e6 3. Nf3 Bb4+ 4. Nbd2 b6 5. a3 Bxd2+ 6. Qxd2 Bb7 7. e3 O-O 8.
Be2 d6 9. O-O Nbd7 10. b4 Ne4 11. Qc2 f5 12. d5 e5 13. Nd2 Nxd2 14. Bxd2 c6 15.
dxc6 Bxc6 16. f3 Qh4 17. Qb3 Kh8 18. Rad1 Rf6 19. Be1 Qg5 20. Rf2 Rh6 21. Bf1
Qh5 22. h3 Re8 23. Rfd2 Ree6 24. c5 bxc5 25. bxc5 Nxc5 26. Qb8+ Qe8 27. Qxe8+
Bxe8 28. Bc4 Ref6 29. Rb2 Nd7 30. Rb7 Rf8 31. Bb4 Nb6 32. Rxd6 Rhf6 33. Rxf6
Rxf6 34. Rb8 g6 35. Rxe8+ Kg7 36. Bb3 1-0

[Event "Elit(Kungstornet-Farsta)"]
[Site "?"]
[Date "2017.02.04"]
[Round "5"]
[White "Backelin, Rikard"]
[Black "Glimbrant, Torbjorn"]
[Result "1/2-1/2"]
[WhiteElo "2337"]
[BlackElo "2229"]
[PlyCount "53"]

1. c4 e5 2. Nc3 Nf6 3. g3 Bb4 4. Bg2 O-O 5. e4 Bxc3 6. bxc3 Re8 7. Ne2 c6 8.
O-O d5 9. cxd5 cxd5 10. exd5 Nxd5 11. Qc2 Nc6 12. Rb1 Rb8 13. Bb2 Bg4 14. Rfe1
Qd7 15. Ba3 Bf5 16. d3 Nf6 17. Rbd1 Rbd8 18. Nc1 Bg4 19. f3 Bh3 20. Bh1 h5 21.
Qf2 Bf5 22. Bb2 Qc7 23. Bg2 Re7 24. Bf1 Red7 25. c4 Qa5 26. Nb3 Qc7 27. Qe3
1/2-1/2

[Event "Elit(Kungstornet-Farsta)"]
[Site "?"]
[Date "2017.02.04"]
[Round "5"]
[White "Henriksson, Johan"]
[Black "Livner, Anders"]
[Result "0-1"]
[WhiteElo "2273"]
[BlackElo "2322"]
[PlyCount "126"]

1. d4 d5 2. Nf3 Nf6 3. c4 c6 4. Nc3 dxc4 5. a4 Bf5 6. Ne5 Nbd7 7. Nxc4 Nb6 8.
Ne5 a5 9. f3 Nfd7 10. e4 Nxe5 11. exf5 Ned7 12. d5 g6 13. dxc6 bxc6 14. Qd4 Rg8
15. Qe4 Rc8 16. Be3 Nf6 17. Qd4 Nfd5 18. fxg6 Rxg6 19. O-O-O Qc7 20. Bd2 Bg7
21. Qh4 Nxc3 22. Bxc3 Bxc3 23. bxc3 Nd5 24. Bd3 Qe5 25. Qd4 Qxd4 26. cxd4 Rxg2
27. Rd2 Rxd2 28. Kxd2 Rb8 29. Bxh7 Rb4 30. h4 Rxd4+ 31. Ke2 Kf8 32. Be4 Rxa4
33. h5 Kg7 34. h6+ Kh8 35. Rc1 Ra2+ 36. Kd3 Rh2 37. h7 Nf6 38. Bxc6 Kxh7 39.
Rc5 Rh5 40. Be4+ Kg7 41. Rc7 Nxe4 42. Kxe4 Kf6 43. Ra7 Re5+ 44. Kf4 Rb5 45. Kg3
e6 46. Ra6 Kf5 47. Ra7 f6 48. Ra6 e5 49. Ra8 Rc5 50. Ra6 Rd5 51. Ra8 e4 52.
fxe4+ Kxe4 53. Re8+ Kf5 54. Ra8 Rd3+ 55. Kh4 Ra3 56. Rb8 Ra1 57. Rc8 a4 58. Kg3
a3 59. Ra8 a2 60. Kg2 Ke5 61. Re8+ Kd6 62. Rd8+ Kc7 63. Ra8 f5 0-1

[Event "Elit(Malmo-Limhamn)"]
[Site "?"]
[Date "2017.02.04"]
[Round "5"]
[White "Hector, Jonny"]
[Black "Hillarp Persson, Tiger"]
[Result "1-0"]
[WhiteElo "2499"]
[BlackElo "2505"]
[PlyCount "79"]
[SourceDate "2017.02.09"]

1. e4 c5 2. Nf3 d6 3. d4 cxd4 4. Nxd4 Nf6 5. Nc3 a6 6. Bg5 e6 7. f4 h6 8. Bh4
Qb6 9. Bxf6 gxf6 10. Qd2 Qxb2 11. Nb3 Qa3 12. Be2 Nd7 13. O-O h5 14. Kh1 Be7
15. Nb1 Qa4 16. c4 Qc6 17. Nc3 h4 18. Qe3 h3 19. g4 b6 20. Rac1 Nc5 21. Bf3 Bb7
22. e5 dxe5 23. fxe5 O-O-O 24. Bxc6 Bxc6+ 25. Nd5 exd5 26. Nd4 Bb7 27. exf6 Bd6
28. cxd5 Bxd5+ 29. Kg1 Rhg8 30. g5 Rde8 31. Qxh3+ Kb8 32. Nf3 Re2 33. Rfd1 Bxf3
34. Qxf3 Rxg5+ 35. Kf1 Re6 36. Rc2 Rg6 37. Rf2 Bxh2 38. Qh1 Bc7 39. Qh7 Ne4 40.
Qxg6 1-0

[Event "Elit(Malmo-Limhamn)"]
[Site "?"]
[Date "2017.02.04"]
[Round "5"]
[White "Meier, Georg"]
[Black "Jepson, Christian"]
[Result "1/2-1/2"]
[WhiteElo "2630"]
[BlackElo "2427"]
[PlyCount "88"]

1. c4 Nf6 2. Nf3 c6 3. d4 d5 4. e3 g6 5. Nc3 Bg7 6. Be2 O-O 7. O-O dxc4 8. Bxc4
Bg4 9. Be2 Nbd7 10. h3 Bxf3 11. Bxf3 e5 12. dxe5 Nxe5 13. Be2 Qe7 14. Bd2 Rad8
15. Qc2 Rfe8 16. Rfd1 Ned7 17. Rac1 Nc5 18. Be1 Nce4 19. Nxe4 Nxe4 20. b4 Qe5
21. Bd3 Nf6 22. Bc4 Qe7 23. Qb3 Ne4 24. a4 Be5 25. b5 c5 26. b6 axb6 27. Qxb6
Rxd1 28. Rxd1 Bc3 29. Bxc3 Nxc3 30. Rd3 Ne2+ 31. Kh1 Qh4 32. Qb5 Re4 33. Bxf7+
Kxf7 34. Rd7+ Re7 35. Rxe7+ Kxe7 36. Qxc5+ Kd8 37. Qd5+ Kc8 38. Qc5+ Kb8 39.
Qe5+ Ka7 40. Qa5+ Kb8 41. Qe5+ Kc8 42. Qc5+ Kd8 43. Qb6+ Kc8 44. Qc5+ Kb8
1/2-1/2

[Event "Elit(Malmo-Limhamn)"]
[Site "?"]
[Date "2017.02.04"]
[Round "5"]
[White "Brynell, Stellan"]
[Black "Gajic, Mladen"]
[Result "1/2-1/2"]
[WhiteElo "2441"]
[BlackElo "2364"]
[PlyCount "85"]

1. d4 Nf6 2. c4 c5 3. e3 g6 4. Nf3 Bg7 5. Nc3 O-O 6. Be2 cxd4 7. exd4 d5 8. O-O
Nc6 9. Re1 Bg4 10. cxd5 Nxd5 11. h3 Bxf3 12. Bxf3 e6 13. Nxd5 exd5 14. Be3 Qb6
15. Bxd5 Rad8 16. Bxc6 bxc6 17. Qc2 Bxd4 18. b3 c5 19. Rac1 Rd5 20. Qc4 Rfd8
21. Bh6 Rh5 22. Be3 Qf6 23. Re2 Rf5 24. Bxd4 Rxd4 25. Qb5 Rdf4 26. Rcc2 Kg7 27.
Qe8 a5 28. Rcd2 Rd4 29. Qe3 Rfd5 30. Rc2 Qd6 31. g3 a4 32. bxa4 Rxa4 33. Qc3+
Qf6 34. Qxf6+ Kxf6 35. Kg2 c4 36. Kf3 Ra3+ 37. Re3 Rf5+ 38. Ke4 Ra4 39. Kd4 c3+
40. Kd3 Rd5+ 41. Ke2 Rda5 42. Rexc3 Rxa2 43. Rc6+ 1/2-1/2

[Event "Elit(Malmo-Limhamn)"]
[Site "?"]
[Date "2017.02.04"]
[Round "5"]
[White "Schandorff, Lars"]
[Black "Johansson, Linus"]
[Result "1/2-1/2"]
[WhiteElo "2505"]
[BlackElo "2408"]
[PlyCount "74"]

1. Nf3 Nf6 2. g3 d5 3. Bg2 c6 4. O-O Bg4 5. d3 Nbd7 6. h3 Bxf3 7. Bxf3 e5 8. e4
dxe4 9. dxe4 Nc5 10. Qe2 Ne6 11. c3 Be7 12. Nd2 Qc7 13. Nc4 O-O 14. a4 Rfd8 15.
Bg2 Nd7 16. b4 Nb6 17. Nxb6 axb6 18. h4 c5 19. b5 c4 20. Bh3 Rd3 21. Bxe6 fxe6
22. Qg4 Qd6 23. Ba3 Qd7 24. Bxe7 Qxe7 25. Rfc1 h6 26. Rc2 Kh7 27. h5 Qf7 28.
Kg2 Kg8 29. Raa2 Qf6 30. Ra1 Kf7 31. Raa2 Qg5 32. Qxg5 hxg5 33. Kh3 Kf6 34. Kg4
Ra7 35. Ra1 Ra8 36. Raa2 Ra7 37. Ra1 Ra8 1/2-1/2

[Event "Elit(Malmo-Limhamn)"]
[Site "?"]
[Date "2017.02.04"]
[Round "5"]
[White "Lindgren, Philip"]
[Black "Malekian, Babak"]
[Result "1/2-1/2"]
[WhiteElo "2421"]
[BlackElo "2280"]
[PlyCount "88"]

1. d4 b6 2. c4 Bb7 3. Nc3 e6 4. a3 Nf6 5. Bg5 Be7 6. Qc2 d5 7. Nf3 O-O 8. e3
Nbd7 9. cxd5 exd5 10. Be2 Ne4 11. Bf4 Nxc3 12. Qxc3 c5 13. dxc5 Bf6 14. Qc2
Nxc5 15. Rd1 Rc8 16. Qb1 Qe7 17. O-O Rfd8 18. Rfe1 Qe4 19. Nd4 Qxb1 20. Rxb1
Ne6 21. Nxe6 fxe6 22. Bd3 e5 23. Bg3 e4 24. Be2 Rc2 25. b3 Kf7 26. Bg4 Bc8 27.
Bd1 Ra2 28. a4 Bc3 29. Bh5+ g6 30. Rec1 d4 31. exd4 Bxd4 32. Rc7+ Kg8 33. Bd1
e3 34. b4 exf2+ 35. Kf1 Be6 36. Be2 Rxa4 37. Rd1 Ra1 38. Rxa1 Bxa1 39. Rxa7 Bc3
40. Bxf2 Bxb4 41. Bxb6 Rf8+ 42. Kg1 Rf7 43. Ra8+ Rf8 44. Ra7 Rf7 1/2-1/2